Top 15 dei paesi con decessi Covid-19 - 8 dicembre 2021 - Statistics

Statistiche generali
  • Questo quiz è stato fatto 2 volte
  • Il punteggio medio è 12 su 27
Statistiche sulle risposte
paese % Corretto
Argentina
100%
Brasile
100%
Francia
100%
Germania
100%
India
100%
Italia
100%
Regno Unito
100%
Russia
100%
Stati Uniti
100%
Colombia
50%
Iran
50%
Messico
50%
Perù
50%
Sudafrica
50%
Armenia
0%
Bosnia ed Erzegovina
0%
Bulgaria
0%
Cechia
0%
Croazia
0%
Georgia
0%
Indonesia
0%
Lituania
0%
Macedonia del Nord
0%
Romania
0%
Slovacchia
0%
Slovenia
0%
Ungheria
0%
Nessun quiz corrispondente trovato
Distribuzione punteggi
Percentuale di utenti per punteggio
Percentile per numero di risposta
I tuoi punteggi nel tempo
Non hai fatto questo quiz